[Event "BCF-ch rapidplay"]
[Site "Halifax"]
[Date "2010.11.21"]
[Round "8"]
[White "Kostic, Misa"]
[Black "Hebden, Mark"]
[Result "0-1"]
[WhiteElo "2246"]
[BlackElo "2560"]
[PlyCount "120"]
[EventDate "2010.11.20"]
[EventType "swiss (rapid)"]
[EventRounds "11"]
[EventCountry "ENG"]
[SourceTitle "EXT 2011"]
[Source "ChessBase"]
[SourceDate "2010.11.26"]
[SourceVersion "1"]
[SourceVersionDate "2010.11.26"]
[SourceQuality "1"]

1. e4 e5 2. Nf3 Nc6 3. Bb5 a6 4. Bxc6 dxc6 5. Nc3 f6 6. d4 Bg4 7. dxe5 Qxd1+ 8. Kxd1 0-0-0+ 9. Ke2 Bb4 10. Bf4 Bxc3 11. bxc3 fxe5 12. Bxe5 Nf6 13. Bxf6 gxf6 14. Ke3 Rde8 15. Kf4 Rhg8 16. h3 Bd7 17. g4 c5 18. Nh4 Re5 19. Rad1 Rge8 20. f3 c4 21. Rd4 Ra5 22. Ra1 Ra3 23. Rxc4 Be6 24. Rc5 b6 25. Rh5 Re7 26. Nf5 Rd7 27. Nd4 Bc4 28. Rh6 Rxc3 29. Nf5 Rxc2 30. Rxf6 Rxa2 31. Rc1 b5 32. Ne3 Bb3 33. Rc3 Bf7 34. e5 b4 35. Rc5 b3 36. e6 Rd4+ 37. Kg3 Bg6 38. Rc3 b2 39. Rb3 Ra3 40. Rf8+ Rd8 41. Rxd8+ Kxd8 42. Rb8+ Ke7 43. Nd5+ Kd6 44. e7 Kxd5 45. Rxb2 Re3 46. Ra2 Rxe7 47. Rxa6 c5 48. f4 Bd3 49. Ra8 c4 50. Rc8 Re3+ 51. Kh4 Bf1 52. f5 Rxh3+ 53. Kg5 Bd3 54. f6 Rf3 55. Rd8+ Kc5 56. Rc8+ Kd4 57. Rc7 Bg6 58. Rc6 c3 59. Kh6 Be4 60. Rd6+ Ke5 0-1

[Event "BCF-ch rapidplay"]
[Site "Halifax"]
[Date "2010.11.21"]
[Round "9"]
[White "Maroroa, Sue Yuchan"]
[Black "Kostic, Misa"]
[Result "0-1"]
[WhiteElo "2019"]
[BlackElo "2246"]
[PlyCount "64"]
[EventDate "2010.11.20"]
[EventType "swiss (rapid)"]
[EventRounds "11"]
[EventCountry "ENG"]
[SourceTitle "EXT 2011"]
[Source "ChessBase"]
[SourceDate "2010.11.26"]
[SourceVersion "1"]
[SourceVersionDate "2010.11.26"]
[SourceQuality "1"]

1. e4 c5 2. Nc3 Nc6 3. Bb5 Nd4 4. Bc4 g6 5. Nge2 Bg7 6. Nxd4 cxd4 7. Qf3 e6 8. Nb5 Be5 9. c3 dxc3 10. dxc3 a6 11. Nd4 b5 12. Bd3 Bb7 13. h4 h6 14. Bf4 Qf6 15. Ne2 Ne7 16. Qe3 g5 17. hxg5 hxg5 18. Rxh8+ Qxh8 19. Bxe5 Qxe5 20. 0-0-0 Rc8 21. Kb1 d5 22. exd5 Qxe3 23. fxe3 Nxd5 24. e4 Nf4 25. Nxf4 gxf4 26. Rf1 e5 27. Rf3 f5 28. Rh3 Bxe4 29. Bxe4 fxe4 30. Rh5 Rc5 31. Kc2 e3 32. Kd3 e4+ 0-1

[Event "BCF-ch rapidplay"]
[Site "Halifax"]
[Date "2010.11.21"]
[Round "10"]
[White "Shaw, Peter"]
[Black "Kostic, Misa"]
[Result "1-0"]
[WhiteElo "2166"]
[BlackElo "2246"]
[PlyCount "56"]
[EventDate "2010.11.20"]
[EventType "swiss (rapid)"]
[EventRounds "11"]
[EventCountry "ENG"]
[SourceTitle "EXT 2011"]
[Source "ChessBase"]
[SourceDate "2010.11.26"]
[SourceVersion "1"]
[SourceVersionDate "2010.11.26"]
[SourceQuality "1"]

1. d4 d5 2. c4 dxc4 3. Nf3 Nf6 4. Nc3 c5 5. d5 e6 6. e4 Nxe4 7. Nxe4 exd5 8. Ng3 Be7 9. Be2 0-0 10. 0-0 Nc6 11. Bf4 Bf6 12. Qd2 b5 13. Nh5 Bd4 14. Nxd4 cxd4 15. Bh6 f6 16. Bxg7 Rf7 17. Qh6 Bf5 18. Nxf6+ Rxf6 19. Bxf6 Qd7 20. Bf3 Be4 21. Rfe1 Re8 22. Bh5 Re6 23. f3 Rxf6 24. Qxf6 Bg6 25. Bxg6 hxg6 26. Qxg6+ Kf8 27. Qf6+ Kg8 28. Re6 Qd8 1-0

[Event "BCF-ch rapidplay"]
[Site "Halifax"]
[Date "2010.11.20"]
[Round "5"]
[White "Burnett, Jim"]
[Black "Kostic, Misa"]
[Result "0-1"]
[WhiteElo "2186"]
[BlackElo "2246"]
[PlyCount "95"]
[EventDate "2010.11.20"]
[EventType "swiss (rapid)"]
[EventRounds "11"]
[EventCountry "ENG"]
[SourceTitle "EXT 2011"]
[Source "ChessBase"]
[SourceDate "2010.11.26"]
[SourceVersion "1"]
[SourceVersionDate "2010.11.26"]
[SourceQuality "1"]

1. d4 Nf6 2. c4 g6 3. g3 Bg7 4. Bg2 0-0 5. Nc3 d6 6. Nf3 Nbd7 7. 0-0 e5 8. e4 c6 9. h3 Qb6 10. Re1 Ne8 11. d5 f5 12. Qc2 Ndf6 13. Ng5 Qd8 14. dxc6 bxc6 15. exf5 Bxf5 16. Qe2 h6 17. Nf3 e4 18. Nh4 d5 19. g4 Be6 20. Nxg6 Nd6 21. Nxf8 Qxf8 22. cxd5 cxd5 23. f3 Re8 24. fxe4 dxe4 25. Be3 Bc4 26. Qf2 Bd3 27. Bf1 Nc4 28. Bc5 Qf7 29. Bxd3 exd3 30. Rxe8+ Qxe8 31. Re1 Qd7 32. Qd4 Nxb2 33. Nd1 Nd5 34. Qf2 Na4 35. Bd4 Nf4 36. Qxf4 Bxd4+ 37. Kf1 Nc5 38. Nf2 Kg7 39. Qf5 d2 40. Rd1 Qb5+ 41. Kg2 Qe2 42. Qf3 Qe1 43. h4 Bxf2 44. Qxf2 Qxd1 45. Qd4+ Kf7 46. g5 Qe2+ 47. Kg3 d1Q 48. Qxd1 0-1

[Event "BCF-ch rapidplay"]
[Site "Halifax"]
[Date "2006.11.04"]
[Round "2"]
[White "Hanley, Craig"]
[Black "Kostic, Misa"]
[Result "1-0"]
[WhiteElo "2427"]
[BlackElo "2222"]
[PlyCount "66"]
[EventDate "2006.11.04"]
[EventType "swiss (rapid)"]
[EventRounds "11"]
[EventCountry "ENG"]
[SourceTitle "EXT 2007"]
[Source "ChessBase"]
[SourceDate "2006.11.23"]
[SourceVersion "1"]
[SourceVersionDate "2006.11.23"]
[SourceQuality "1"]

1. e4 c5 2. Nf3 Nc6 3. d4 cxd4 4. Nxd4 Nf6 5. Nc3 d6 6. Bg5 Qb6 7. Nb3 e6 8. Be2 a6 9. 0-0 Be7 10. Qd2 Ne5 11. Kh1 Qc7 12. f4 Ned7 13. Rae1 h6 14. Bh4 Nxe4 15. Nxe4 Bxh4 16. Nxd6+ Ke7 17. Rd1 b6 18. Bf3 Ra7 19. Nd4 Nb8 20. N4b5 axb5 21. Nxb5 Qc5 22. Nxa7 Ba6 23. b4 Qc7 24. b5 Qxa7 25. bxa6 f5 26. Qd6+ Kf7 27. Be2 Be7 28. Qd3 Rc8 29. Rfe1 Bf6 30. Qb3 Rc3 31. Bh5+ g6 32. Qxe6+ Kg7 33. Rd6 Kf8 1-0

[Event "Bucharest MI Festival"]
[Site "Bucharest"]
[Date "1999.03.25"]
[Round "6"]
[White "Kostic, Misa"]
[Black "Covlea, Vlad"]
[Result "0-1"]
[WhiteElo "2218"]
[BlackElo "2293"]
[PlyCount "120"]
[EventDate "1999.03.20"]
[EventType "tourn"]
[EventRounds "11"]
[EventCountry "ROU"]
[EventCategory "2"]
[SourceTitle "CBM 069 Extra"]
[Source "ChessBase"]
[SourceDate "1999.05.10"]
[SourceVersion "1"]
[SourceVersionDate "1999.05.10"]
[SourceQuality "1"]

1. c4 e5 2. Nc3 f5 3. g3 Nf6 4. Bg2 Be7 5. d3 0-0 6. Nf3 d6 7. 0-0 Qe8 8. c5 Qh5 9. Qb3+ Kh8 10. Nd5 Nxd5 11. cxd6 cxd6 12. Qxd5 Nc6 13. Bd2 Qg6 14. Rac1 Rb8 15. Bc3 Be6 16. Qb5 Qf7 17. Qa4 Bxa2 18. Nd2 Bd5 19. e4 fxe4 20. dxe4 Be6 21. b4 a6 22. f4 Qe8 23. Qa1 Bf6 24. f5 Bg8 25. Nf3 d5 26. exd5 Bxd5 27. Rfe1 Qh5 28. Nxe5 Bxg2 29. Kxg2 Qxf5 30. Nxc6 bxc6 31. Bxf6 Qxf6 32. Qxf6 Rxf6 33. Re7 h6 34. Rc4 Rd8 35. Ra7 Rd2+ 36. Kh3 Ra2 37. Kg4 Kh7 38. h4 Rg6+ 39. Kh5 Rh2 40. Rg4 Rxg4 41. Kxg4 Rb2 42. Rxa6 Rxb4+ 43. Kf5 Rc4 44. h5 Rc1 45. Rb6 c5 46. Ke4 c4 47. Kd4 c3 48. Rb3 c2 49. Kc3 Rb1 50. Kxc2 Rxb3 51. Kxb3 Kg8 52. Kc4 Kf7 53. Kd5 Kf6 54. Ke4 Kg5 55. Kf3 Kxh5 56. Kf4 Kg6 57. Kg4 h5+ 58. Kh3 Kg5 59. Kh2 Kg4 60. Kg2 g6 0-1